Le lien social : Domaines et approches (notice n° 1925078)

détails MARC
000 -LEADER
fixed length control field 01302cam a2200133 4500500
005 - DATE AND TIME OF LATEST TRANSACTION
control field 20260329023140.0
041 ## - LANGUAGE CODE
Language code of text/sound track or separate title fre
042 ## - AUTHENTICATION CODE
Authentication code dc
100 10 - MAIN ENTRY--PERSONAL NAME
Personal name Cusset, Pierre-Yves
Relator term author
245 00 - TITLE STATEMENT
Title Le lien social : Domaines et approches
260 ## - PUBLICATION, DISTRIBUTION, ETC.
Name of publisher, distributor, etc. Armand Colin,<br/>
Date of publication, distribution, etc. 2011.<br/>
520 ## - SUMMARY, ETC.
Summary, etc. C’est en faisant référence à sa crise supposée que l’on aborde le plus souvent, en France, la question du lien social.Les bouleversements que traversent les sociétés européennes du XIXe siècle sont l’occasion de réfléchir aux fondements d’un lien individu/société qui, aujourd’hui, ne va plus de soi.Après avoir présenté les apports les plus récents de la sociologie des réseaux et des réflexions en termes de capital social, l’ouvrage dresse un tableau nuancé de la réalité française. Le lien social moderne, parce qu’il est fondamentalement de plus en plus électif, est aussi plus fragile. Il est sans doute moins mis en danger par les transformations qui touchent la sphère privée que par les problèmes de cohabitation, notamment dans les espaces publics, qui s’imposent à chacun. Cette 2e édition a été mise à jour avec les données les plus récentes.
856 41 - ELECTRONIC LOCATION AND ACCESS
Uniform Resource Identifier <a href="https://shs.cairn.info/le-lien-social--9782200259884?lang=fr&redirect-ssocas=7080">https://shs.cairn.info/le-lien-social--9782200259884?lang=fr&redirect-ssocas=7080</a>

Pas d'exemplaire disponible.

PLUDOC

PLUDOC est la plateforme unique et centralisée de gestion des bibliothèques physiques et numériques de Guinée administré par le CEDUST. Elle est la plus grande base de données de ressources documentaires pour les Étudiants, Enseignants chercheurs et Chercheurs de Guinée.

Adresse

627 919 101/664 919 101

25 boulevard du commerce
Kaloum, Conakry, Guinée

Réseaux sociaux

Powered by Netsen Group @ 2025